| 000 | 00781nam a2200241 i 4500 | ||
|---|---|---|---|
| 003 | DO-SdBNP | ||
| 005 | 20240826125436.0 | ||
| 007 | ta | ||
| 008 | 230824e2014 dr ||||| |||| 00| e spa d | ||
| 020 | _a9789945452693 | ||
| 040 |
_aDO-SdBNP _bspa _cBNPHU _erda |
||
| 082 | 1 |
_222 _bG643i |
|
| 100 | 1 |
_aGonzález, Geraldino, _d1957- _eautor _920628 |
|
| 245 | 1 | 0 |
_aInfierno en el paraíso / _cGeraldino González |
| 264 | 1 |
_aSanto Domingo : _bEl Nuevo Diario, _c2014. |
|
| 300 |
_a176 páginas : _bIlustraciones, retratos ; _c22 cm. |
||
| 336 |
_2rdacontent _atexto _btxt |
||
| 337 |
_2rdamedia _asin mediación _bn |
||
| 338 |
_2rdacarrier _avolumen _bnc |
||
| 500 | _aIncluye datos biográficos del autor en la contracubierta. | ||
| 590 | _aInventariado 2023 / MF | ||
| 942 |
_2ddc _cLBS1 |
||
| 999 |
_c54515 _d54515 |
||